000 00924nam a22003017a 4500
003 CHAP
005 20220329133119.0
008 971013s1990 r 00010 d
010 _a2298
011 _a3270
035 _a2470
040 _cCHAP
090 _aFolleto 12611
100 0 0 _aPina García, Juan Pablo de.
_988121
245 1 _aDiego Rivera en los años radicales
260 _aChapingo, Méxz. :
_bUACH,
_c1990
300 _a58 p.
_b: ilus.
590 _aBATCH-UPD
_b10
_c20130110
_lUCH01
_h1556
590 _aBATCH-UPD
_b10
_c20130410
_lUCH01
_h0953
590 _aBATCH-UPD
_b10
_c20130914
_lUCH01
_h1914
590 _aCONVERSION
_b10
_c20130109
_lUCH01
_h1303
650 1 4 _aPintores mexicanos.
_988310
650 1 4 _aRivera, Diego,
_y1886-1975.
_997782
901 _aBK
942 _cFOLL
949 _aFolleto 12611
_bBC
_cFOLL
_d-11971
_eTS1
_i2470
_si
949 _aFolleto 12611
_bBC
_cFOLL
_d-72954
_eTS2
_fc.2
_i2470
_si
999 _c2298
_d2298